[Event "Praia do Morro Guarapari op"]
[Site "Praia do Morro"]
[Date "2017.04.16"]
[Round "6"]
[White "Baeta, Marcio Netto"]
[Black "Rocha, Jorge Wilson"]
[Result "0-1"]
[WhiteElo "1968"]
[BlackElo "2182"]
[PlyCount "100"]
[EventDate "2017.04.14"]
[EventType "swiss"]
[EventRounds "6"]
[EventCountry "BRA"]
[SourceTitle "CBM 177 Extra"]
[Source "ChessBase"]
[SourceDate "2017.04.27"]
[SourceVersion "1"]
[SourceVersionDate "2017.04.27"]
[SourceQuality "1"]

1. d4 Nf6 2. c4 e6 3. Nf3 d5 4. Nc3 c6 5. Bg5 Be7 6. e3 Ne4 7. Bxe7 Qxe7 8. Bd3 f5 9. 0-0 0-0 10. Ne5 Nd7 11. f4 Nxe5 12. dxe5 Nxc3 13. bxc3 Qc5 14. Qe2 dxc4 15. Bxc4 b5 16. Bb3 a5 17. Rfc1 a4 18. Bc2 Rd8 19. a3 Ra7 20. Qf2 Rad7 21. e4 Qc4 22. exf5 Rd2 23. Qf3 exf5 24. Rd1 Qc5+ 25. Kh1 Be6 26. h3 g6 27. Qg3 Qe7 28. Rxd2 Rxd2 29. Bd1 Bd5 30. Bf3 Qc5 31. Qe1 Rd3 32. e6 Re3 33. Bxd5 cxd5 34. Qg1 Rxc3 35. Re1 Qxg1+ 36. Kxg1 Kf8 37. Re5 Rxa3 38. Rxd5 Rb3 39. g4 Ke7 40. gxf5 gxf5 41. Rxf5 Kxe6 42. Rf8 a3 43. Ra8 b4 44. Kg2 h5 45. Ra5 h4 46. Ra4 Kf5 47. Ra8 Kxf4 48. Rf8+ Ke5 49. Rh8 a2 50. Ra8 Ra3 0-1

[Event "Praia do Morro Guarapari op"]
[Site "Praia do Morro"]
[Date "2017.04.16"]
[Round "5"]
[White "Rocha, Jorge Wilson"]
[Black "Souza Filho, Namyr Carlos"]
[Result "0-1"]
[WhiteElo "2182"]
[BlackElo "2069"]
[PlyCount "68"]
[EventDate "2017.04.14"]
[EventType "swiss"]
[EventRounds "6"]
[EventCountry "BRA"]
[SourceTitle "CBM 177 Extra"]
[Source "ChessBase"]
[SourceDate "2017.04.27"]
[SourceVersion "1"]
[SourceVersionDate "2017.04.27"]
[SourceQuality "1"]

1. e4 e6 2. d4 d5 3. Nd2 Nf6 4. e5 Nfd7 5. Bd3 c5 6. c3 Nc6 7. Ne2 cxd4 8. cxd4 f6 9. exf6 Nxf6 10. 0-0 Bd6 11. Nf3 Qc7 12. Nc3 a6 13. Bg5 0-0 14. Rc1 Bd7 15. Bb1 Be8 16. Re1 Bh5 17. Qd3 Bg6 18. Qe3 Rae8 19. Bxg6 hxg6 20. h3 Nh7 21. Rcd1 Rf5 22. h4 Qf7 23. Qe2 e5 24. Nxe5 Nxe5 25. f4 Nf3+ 26. Qxf3 Rxe1+ 27. Rxe1 Nxg5 28. hxg5 Bxf4 29. Qd3 Bb8 30. Rf1 Bh2+ 31. Kxh2 Rxf1 32. Nxd5 Rf5 33. Ne3 Rxg5 34. Qe4 Qf2 0-1

[Event "Espirito Santo-ch"]
[Site "Vitoria"]
[Date "2016.11.??"]
[Round "1"]
[White "Vieira, Paulo Cesar"]
[Black "Rocha, Jorge Wilson"]
[Result "1/2-1/2"]
[WhiteElo "1846"]
[BlackElo "2182"]
[PlyCount "88"]
[EventDate "2016.11.18"]
[EventType "swiss"]
[EventRounds "5"]
[EventCountry "BRA"]
[SourceTitle "EXT 2022"]
[Source "ChessBase"]
[SourceDate "2021.10.06"]
[SourceVersion "1"]
[SourceVersionDate "2021.10.06"]
[SourceQuality "1"]

1. e4 e5 2. Nc3 d6 3. g3 Nc6 4. Bg2 g6 5. d3 Bg7 6. Be3 Nf6 7. h3 Rb8 8. Qd2 0-0 9. f4 Nd4 10. Nce2 c5 11. c3 Nxe2 12. Nxe2 b6 13. 0-0 Bb7 14. Rad1 Qc7 15. g4 Rbd8 16. Ng3 exf4 17. Bxf4 Rde8 18. Rde1 Nd7 19. d4 Re6 20. Bh6 f6 21. Bxg7 Kxg7 22. g5 Qd8 23. gxf6+ Rexf6 24. Rxf6 Qxf6 25. e5 Qh4 26. Qe3 cxd4 27. cxd4 Bxg2 28. Kxg2 dxe5 29. dxe5 Qc4 30. e6 Qd5+ 31. Qe4 Nf6 32. Qxd5 Nxd5 33. Ne4 Nf4+ 34. Kg3 Nxe6 35. Nd6 Kf6 36. Rf1+ Ke5 37. Rxf8 Nxf8 38. Nc8 Nd7 39. Nxa7 h5 40. Nc6+ Ke4 41. b4 g5 42. a4 Kd5 43. Ne7+ Kc4 44. a5 bxa5 1/2-1/2

[Event "Espirito Santo-ch"]
[Site "Vitoria"]
[Date "2014.10.11"]
[Round "4"]
[White "Rocha, Jorge Wilson"]
[Black "Barros, Gerfferson"]
[Result "1-0"]
[WhiteElo "2203"]
[BlackElo "1716"]
[PlyCount "50"]
[EventDate "2014.10.09"]
[EventType "swiss"]
[EventRounds "6"]
[EventCountry "BRA"]
[SourceTitle "EXT 2022"]
[Source "ChessBase"]
[SourceDate "2021.10.06"]
[SourceVersion "1"]
[SourceVersionDate "2021.10.06"]
[SourceQuality "1"]

1. e4 Nc6 2. d4 d5 3. e5 Bf5 4. c3 e6 5. Ne2 h5 6. Ng3 Bg6 7. Bd3 h4 8. Ne2 Be7 9. Bxg6 fxg6 10. Qd3 g5 11. f4 Kd7 12. Qg6 Qe8 13. Qd3 Nh6 14. fxg5 Nf5 15. 0-0 Qg8 16. g6 Rf8 17. Nd2 Bg5 18. Nf3 Bxc1 19. Raxc1 Nce7 20. Nf4 Rh6 21. Ng5 Nxg6 22. Ngxe6 Nge7 23. Qb5+ Kc8 24. Nxf8 Rb6 25. Qd7+ Kb8 1-0

[Event "Juiz de Fora op"]
[Site "Juiz de Fora"]
[Date "2014.09.27"]
[Round "3"]
[White "Da Silva, Wagner Afonso"]
[Black "Rocha, Jorge Wilson"]
[Result "1/2-1/2"]
[WhiteElo "1977"]
[BlackElo "2203"]
[PlyCount "42"]
[EventDate "2014.09.26"]
[EventType "swiss"]
[EventRounds "6"]
[EventCountry "BRA"]
[SourceTitle "CBM 162 Extra"]
[Source "ChessBase"]
[SourceDate "2014.10.17"]
[SourceVersion "1"]
[SourceVersionDate "2014.10.17"]
[SourceQuality "1"]

1. d4 d5 2. c4 e6 3. Nc3 Nf6 4. cxd5 exd5 5. Bg5 Be7 6. e3 c6 7. Bd3 0-0 8. Nge2 Re8 9. 0-0 Nbd7 10. Qc2 Nf8 11. Bxf6 Bxf6 12. b4 a6 13. a4 g6 14. b5 Ne6 15. bxa6 bxa6 16. Qb3 Qd6 17. Rfb1 a5 18. Qa3 Qd7 19. Rb3 Bd8 20. Rab1 f5 21. g3 Ng5 1/2-1/2

[Event "Votoria Cup 2nd"]
[Site "Vitoria"]
[Date "2014.03.21"]
[Round "3"]
[White "Rocha, Jorge Wilson"]
[Black "Campos, Tarcisio Kiefer"]
[Result "1-0"]
[WhiteElo "2204"]
[BlackElo "1899"]
[PlyCount "101"]
[EventDate "2014.03.20"]
[EventType "swiss"]
[EventRounds "7"]
[EventCountry "BRA"]
[SourceTitle "CBM 159 Extra"]
[Source "ChessBase"]
[SourceDate "2014.04.24"]
[SourceVersion "1"]
[SourceVersionDate "2014.04.24"]
[SourceQuality "1"]

1. e4 c5 2. Nf3 d6 3. d4 cxd4 4. Nxd4 Nf6 5. Nc3 a6 6. Be2 e5 7. Nb3 Be7 8. Be3 Be6 9. 0-0 0-0 10. Qd2 b5 11. Rad1 Nc6 12. f3 Qc7 13. Nd5 Bxd5 14. exd5 Nb8 15. c4 Nbd7 16. Na5 bxc4 17. Nc6 Nb8 18. Nxe5 c3 19. bxc3 dxe5 20. d6 Bxd6 21. Qxd6 Qxc3 22. Rd3 Qb2 23. Rd2 Qc3 24. Qd3 Qxd3 25. Bxd3 Nc6 26. Bc4 Rfd8 27. Rfd1 Rxd2 28. Rxd2 h6 29. Rd6 Nb4 30. Bb3 Rc8 31. Bd2 a5 32. Bxb4 axb4 33. Rb6 e4 34. Kf2 exf3 35. gxf3 Rc3 36. Rxb4 Rc7 37. a4 Kf8 38. a5 Ra7 39. Rb5 Ne8 40. Ke3 Nd6 41. Rc5 Ke7 42. Kd4 g6 43. Kc3 Kd8 44. Kb4 Nb7 45. Rb5 Nd6 46. Rb6 Kc7 47. Bd5 f5 48. Rc6+ Kd7 49. a6 g5 50. Kc5 Nc8 51. Be6+ 1-0

[Event "Capixaba-ch"]
[Site "Vitoria"]
[Date "2013.10.??"]
[Round "6"]
[White "Abelha, Mozart Rosa"]
[Black "Rocha, Jorge Wilson"]
[Result "0-1"]
[WhiteElo "1993"]
[BlackElo "2196"]
[PlyCount "54"]
[EventDate "2013.10.09"]
[EventType "swiss"]
[EventRounds "7"]
[EventCountry "BRA"]
[SourceTitle "EXT 2022"]
[Source "ChessBase"]
[SourceDate "2021.10.06"]
[SourceVersion "1"]
[SourceVersionDate "2021.10.06"]
[SourceQuality "1"]

1. e4 c5 2. Nf3 e6 3. d4 cxd4 4. Nxd4 Nf6 5. Nc3 Nc6 6. Nxc6 bxc6 7. Bd3 d5 8. exd5 cxd5 9. 0-0 Be7 10. Qe2 0-0 11. Bg5 Rb8 12. b3 Bb7 13. Rad1 Rc8 14. Bxf6 Bxf6 15. Nb1 Qa5 16. Nd2 e5 17. Bf5 Rc6 18. Nb1 Rc7 19. Rd3 g6 20. Qg4 Ba6 21. c4 dxc4 22. Rd6 Bg7 23. Rfd1 gxf5 24. Qxf5 Bc8 25. Qg5 f6 26. Qe3 Qc5 27. Qg3 c3 0-1

[Event "Capixaba-ch"]
[Site "Vitoria"]
[Date "2013.10.??"]
[Round "2"]
[White "Vieira, Paulo Cesar"]
[Black "Rocha, Jorge Wilson"]
[Result "0-1"]
[WhiteElo "1888"]
[BlackElo "2196"]
[PlyCount "94"]
[EventDate "2013.10.09"]
[EventType "swiss"]
[EventRounds "7"]
[EventCountry "BRA"]
[SourceTitle "EXT 2022"]
[Source "ChessBase"]
[SourceDate "2021.10.06"]
[SourceVersion "1"]
[SourceVersionDate "2021.10.06"]
[SourceQuality "1"]

1. e4 c5 2. Nc3 e6 3. Qe2 Nc6 4. Nf3 d6 5. g3 Nf6 6. Bg2 a6 7. 0-0 e5 8. h3 Be7 9. d3 h6 10. Be3 Be6 11. Qd2 Qd7 12. Kh2 Nd4 13. Ng1 d5 14. exd5 Nxd5 15. Nxd5 Bxd5 16. Bxd4 Bxg2 17. Kxg2 Qxd4 18. Nf3 Qd5 19. Qe3 f6 20. Qe4 Qxe4 21. dxe4 Rd8 22. Rad1 Kf7 23. c4 Ke6 24. Rd5 b5 25. b3 Rxd5 26. cxd5+ Kf7 27. g4 Bd6 28. Rc1 g6 29. Ne1 Rc8 30. f3 f5 31. Kf2 Kf6 32. Ke3 Kg5 33. Ng2 fxg4 34. hxg4 c4 35. bxc4 bxc4 36. Ne1 h5 37. gxh5 gxh5 38. Nc2 Bc5+ 39. Ke2 Kf4 40. Rh1 Rh8 41. a3 h4 42. Nb4 h3 43. Nxa6 Bb6 44. Nb4 h2 45. d6 Kg3 46. Kf1 Rd8 47. Nd5 Rxd6 0-1

[Event "BRA-ch sf-A"]
[Site "Guarapari"]
[Date "2012.11.01"]
[Round "1"]
[White "Rocha, Jorge Wilson"]
[Black "De Arruda, Filho Ivo Pereira"]
[Result "1-0"]
[WhiteElo "2221"]
[BlackElo "1849"]
[PlyCount "53"]
[EventDate "2012.11.01"]
[EventType "swiss"]
[EventRounds "7"]
[EventCountry "BRA"]
[SourceTitle "EXT 2013"]
[Source "ChessBase"]
[SourceDate "2012.11.22"]
[SourceVersion "1"]
[SourceVersionDate "2012.11.22"]
[SourceQuality "1"]

1. e4 c6 2. d4 d5 3. e5 Bf5 4. Ne2 e6 5. Ng3 Bg6 6. h4 h5 7. Bd3 Bxd3 8. Qxd3 Qa5+ 9. c3 Nd7 10. Nd2 c5 11. 0-0 cxd4 12. cxd4 Qa6 13. Qxa6 bxa6 14. Nf3 Ne7 15. Bd2 Rb8 16. b3 Nc6 17. Rfc1 Rc8 18. Rc2 Be7 19. Rac1 Ndb8 20. b4 g6 21. a3 Kd7 22. Ne2 f6 23. Bf4 fxe5 24. Bxe5 Rhg8 25. Bxb8 Nxb8 26. Ne5+ Kd6 27. Rxc8 1-0

[Event "Guarapari 1st"]
[Site "Guarapari"]
[Date "2006.05.29"]
[Round "8.4"]
[White "Rocha, Jorge Wilson"]
[Black "Bittencourt, Jorge Humberto M"]
[Result "1/2-1/2"]
[WhiteElo "2247"]
[BlackElo "2395"]
[PlyCount "22"]
[EventDate "2006.05.23"]
[EventType "tourn"]
[EventRounds "9"]
[EventCountry "BRA"]
[SourceTitle "CBM 112 Extra"]
[Source "ChessBase"]
[SourceDate "2006.07.14"]
[SourceVersion "1"]
[SourceVersionDate "2006.07.14"]
[SourceQuality "1"]

1. e4 c5 2. Nf3 d6 3. Nc3 Nf6 4. d4 cxd4 5. Nxd4 a6 6. Be2 e5 7. Nb3 Be7 8. Be3 Be6 9. Qd2 Nbd7 10. 0-0 0-0 11. Rad1 b5 1/2-1/2

[Event "Guarapari 1st"]
[Site "Guarapari"]
[Date "2006.05.27"]
[Round "6.5"]
[White "Rocha, Jorge Wilson"]
[Black "Diamant, Andre"]
[Result "0-1"]
[WhiteElo "2247"]
[BlackElo "2244"]
[PlyCount "60"]
[EventDate "2006.05.23"]
[EventType "tourn"]
[EventRounds "9"]
[EventCountry "BRA"]
[SourceTitle "CBM 112 Extra"]
[Source "ChessBase"]
[SourceDate "2006.07.14"]
[SourceVersion "1"]
[SourceVersionDate "2006.07.14"]
[SourceQuality "1"]

1. e4 c5 2. Nf3 e6 3. d4 cxd4 4. Nxd4 a6 5. c4 Nf6 6. Nc3 Qc7 7. Be3 Bb4 8. f3 Bxc3+ 9. bxc3 d6 10. Qd2 Nbd7 11. Nb3 b6 12. Rd1 Ke7 13. Be2 Rd8 14. 0-0 Rb8 15. g4 Ne5 16. Bd4 Ng6 17. f4 e5 18. g5 Nxe4 19. Qe3 f5 20. gxf6+ Nxf6 21. c5 bxc5 22. fxe5 dxe5 23. Bxc5+ Kf7 24. Rxd8 Qxd8 25. Rd1 Qe8 26. Bd6 Ra8 27. Qc5 Be6 28. Qc7+ Kg8 29. Bxe5 Nxe5 30. Qxe5 Bxb3 0-1

[Event "Guarapari 1st"]
[Site "Guarapari"]
[Date "2006.05.23"]
[Round "1.3"]
[White "Rocha, Jorge Wilson"]
[Black "Miranda, Marcio MC"]
[Result "1/2-1/2"]
[WhiteElo "2247"]
[BlackElo "2302"]
[PlyCount "85"]
[EventDate "2006.05.23"]
[EventType "tourn"]
[EventRounds "9"]
[EventCountry "BRA"]
[SourceTitle "CBM 112 Extra"]
[Source "ChessBase"]
[SourceDate "2006.07.14"]
[SourceVersion "1"]
[SourceVersionDate "2006.07.14"]
[SourceQuality "1"]

1. e4 d6 2. d4 g6 3. f4 Bg7 4. Nf3 c5 5. c3 cxd4 6. cxd4 Nf6 7. Nc3 0-0 8. Be3 Qa5 9. Qd2 Bg4 10. Be2 Nbd7 11. h3 Bxf3 12. Bxf3 e5 13. 0-0 Rac8 14. a3 a6 15. g4 exd4 16. Bxd4 Rc4 17. Be3 Re8 18. Qd3 b5 19. Qxd6 Rd8 20. Rad1 Rcc8 21. Qb4 Qc7 22. e5 Bf8 23. Qb3 Nxe5 24. fxe5 Qxe5 25. Nd5 Qg3+ 26. Bg2 Nxd5 27. Rf3 Qe5 28. Bd4 Qe6 29. Bf2 Nf4 30. Re1 Qxb3 31. Rxb3 Nxg2 32. Kxg2 Rc2 33. Kf3 Rdd2 34. Bg3 Rxb2 35. Rxb2 Rxb2 36. Re8 Rb3+ 37. Kg2 Kg7 38. g5 f6 39. gxf6+ Kf7 40. Ra8 Bxa3 41. Rxa6 Rb2+ 42. Kf3 Rb3+ 43. Kg2 1/2-1/2

[Event "Lisbonne CEAX op 1st"]
[Site "Lisbonne"]
[Date "2006.03.12"]
[Round "5"]
[White "Rocha, Jorge Wilson"]
[Black "Reis, Cesar Roberto da Si"]
[Result "0-1"]
[WhiteElo "2247"]
[BlackElo "2085"]
[PlyCount "32"]
[EventDate "2006.03.10"]
[EventType "swiss"]
[EventRounds "6"]
[EventCountry "BRA"]
[SourceTitle "EXT 2008"]
[Source "ChessBase"]
[SourceDate "2007.11.25"]
[SourceVersion "1"]
[SourceVersionDate "2007.11.25"]
[SourceQuality "1"]

1. e4 c5 2. Nf3 d6 3. Nc3 Nc6 4. d4 cxd4 5. Nxd4 Nf6 6. Be2 g6 7. Be3 Bg7 8. f3 0-0 9. Qd2 Nxd4 10. Bxd4 Be6 11. 0-0 a6 12. Be3 Qa5 13. Nd5 Qxd2 14. Nxe7+ Kh8 15. Bxd2 Rfe8 16. Nd5 Bxd5 0-1

[Event "Lisbonne CEAX op 1st"]
[Site "Lisbonne"]
[Date "2006.03.11"]
[Round "2"]
[White "Chiesa, Valdir"]
[Black "Rocha, Jorge Wilson"]
[Result "1-0"]
[WhiteElo "2054"]
[BlackElo "2247"]
[PlyCount "123"]
[EventDate "2006.03.10"]
[EventType "swiss"]
[EventRounds "6"]
[EventCountry "BRA"]
[SourceTitle "EXT 2008"]
[Source "ChessBase"]
[SourceDate "2007.11.25"]
[SourceVersion "1"]
[SourceVersionDate "2007.11.25"]
[SourceQuality "1"]

1. d4 d5 2. Nf3 e6 3. c4 c6 4. Nc3 Nf6 5. Bg5 Bb4 6. Qb3 Qa5 7. Bxf6 gxf6 8. e3 Be7 9. Be2 dxc4 10. Bxc4 b5 11. Be2 Nd7 12. 0-0 a6 13. Rfc1 c5 14. dxc5 Nxc5 15. Qd1 Bb7 16. Qf1 0-0 17. Nd4 b4 18. Nd1 Qb6 19. Rc2 Be4 20. Rc4 e5 21. Nb3 Nxb3 22. axb3 Bd5 23. Rg4+ Kh8 24. Bc4 Bb7 25. e4 Qd4 26. Qe2 Bc8 27. Rg3 f5 28. exf5 Bxf5 29. Ne3 Bg6 30. Rd1 Qa7 31. Nd5 e4 32. Nxe7 Qxe7 33. Bxa6 f5 34. Bc4 Rfd8 35. Rgd3 Rxd3 36. Bxd3 Qg5 37. Bb5 Bf7 38. Qc2 Qf6 39. g3 Rb8 40. Be2 Qe5 41. Bc4 Bg6 42. Rd5 Qf6 43. Qd2 Ra8 44. Rd6 e3 45. fxe3 Qe5 46. Rd8+ Rxd8 47. Qxd8+ Kg7 48. Qg8+ Kh6 49. Qf8+ Kg5 50. Qd8+ Kh6 51. Qh4+ Kg7 52. Qd4 Kf6 53. Kf2 Be8 54. h3 Bc6 55. Qd8+ Kg6 56. Qg8+ Kh6 57. Qf8+ Kg5 58. h4+ Kg4 59. Qg8+ Kh3 60. Qg5 Be4 61. h5 Qxb2+ 62. Be2 1-0

[Event "Lisbonne CEAX op 1st"]
[Site "Lisbonne"]
[Date "2006.03.11"]
[Round "3"]
[White "Rocha, Jorge Wilson"]
[Black "Bonfim, Hudson Soares Do"]
[Result "1-0"]
[WhiteElo "2247"]
[BlackElo "1849"]
[PlyCount "33"]
[EventDate "2006.03.10"]
[EventType "swiss"]
[EventRounds "6"]
[EventCountry "BRA"]
[SourceTitle "EXT 2008"]
[Source "ChessBase"]
[SourceDate "2007.11.25"]
[SourceVersion "1"]
[SourceVersionDate "2007.11.25"]
[SourceQuality "1"]

1. e4 e6 2. d4 d5 3. Nd2 c5 4. exd5 Qxd5 5. dxc5 Bxc5 6. Ngf3 Nf6 7. Bc4 Qh5 8. 0-0 e5 9. Nb3 e4 10. Ng5 Bxf2+ 11. Kxf2 Ng4+ 12. Ke1 Qh4+ 13. g3 Qxh2 14. Qd6 Nh6 15. Nxf7 Nc6 16. Nxh6 Bd7 17. Nc5 1-0

[Event "Estadual-ch"]
[Site "Vitoria"]
[Date "2005.10.??"]
[Round "5"]
[White "Rocha, Jorge Wilson"]
[Black "Abreu, Guilherme Correa"]
[Result "1-0"]
[WhiteElo "2242"]
[BlackElo "2063"]
[PlyCount "93"]
[EventDate "2005.10.22"]
[EventType "swiss"]
[EventRounds "7"]
[EventCountry "BRA"]
[SourceTitle "EXT 2022"]
[Source "ChessBase"]
[SourceDate "2021.10.06"]
[SourceVersion "1"]
[SourceVersionDate "2021.10.06"]
[SourceQuality "1"]

1. e4 c5 2. Nf3 d6 3. d4 cxd4 4. Nxd4 Nf6 5. Nc3 a6 6. Be2 e5 7. Nb3 Be7 8. Be3 0-0 9. Qd2 Be6 10. Rd1 h6 11. f3 Nbd7 12. 0-0 b5 13. a4 bxa4 14. Nxa4 Qc7 15. Nc3 Nb6 16. Rfe1 Nc4 17. Bxc4 Bxc4 18. Nc1 Rfc8 19. Nd3 Rab8 20. Ra1 d5 21. exd5 Nxd5 22. Nxd5 Bxd5 23. c3 Rd8 24. Qf2 Bxf3 25. Nxe5 Qxe5 26. gxf3 Qh5 27. Rf1 Rd3 28. Kh1 Re8 29. Bd4 Bg5 30. Qg2 Rd2 31. Rf2 Rxf2 32. Qxf2 Bf4 33. Rg1 g6 34. Rg2 a5 35. Qf1 a4 36. Re2 Rb8 37. Rg2 Rb3 38. Qa6 Be5 39. Qa5 Qxf3 40. Qxe5 Qf1+ 41. Bg1 Qc1 42. Qe8+ Kg7 43. Rf2 Rb7 44. Qxa4 Rxb2 45. Qd4+ Kg8 46. Qd8+ Kg7 47. Qf6+ 1-0

[Event "Estadual-ch"]
[Site "Vitoria"]
[Date "2005.10.??"]
[Round "1"]
[White "Rocha, Jorge Wilson"]
[Black "Osorio, Jose Eustaquio Hate"]
[Result "1-0"]
[WhiteElo "2242"]
[BlackElo "1971"]
[PlyCount "103"]
[EventDate "2005.10.22"]
[EventType "swiss"]
[EventRounds "7"]
[EventCountry "BRA"]
[SourceTitle "EXT 2022"]
[Source "ChessBase"]
[SourceDate "2021.10.06"]
[SourceVersion "1"]
[SourceVersionDate "2021.10.06"]
[SourceQuality "1"]

1. e4 c5 2. Nf3 d6 3. d4 cxd4 4. Nxd4 Nf6 5. Nc3 a6 6. Be2 e6 7. 0-0 Be7 8. Be3 0-0 9. Qd2 Qc7 10. f4 Nc6 11. Rad1 Rd8 12. Bf3 Ne5 13. fxe5 dxe5 14. Qf2 exd4 15. Bxd4 Nd7 16. e5 Rf8 17. Rfe1 Rb8 18. Be4 Bc5 19. Rd3 Bxd4 20. Qxd4 Qc5 21. b4 Qxd4+ 22. Rxd4 b5 23. Bc6 Nb6 24. Ne4 Bb7 25. Bxb7 Rxb7 26. Nc5 Re7 27. Rd6 Nd5 28. Nxa6 Ra8 29. c4 bxc4 30. b5 Rb7 31. a4 h6 32. Rc6 c3 33. Kf2 Rb6 34. Rc4 Rbxa6 35. bxa6 Rxa6 36. Rb1 f5 37. g3 Kf7 38. Ke2 g5 39. Rb5 h5 40. a5 Kg6 41. Rcc5 f4 42. gxf4 Nxf4+ 43. Kf3 Ra7 44. Rxc3 Kf5 45. Rc8 g4+ 46. Ke3 Ng2+ 47. Kf2 Nh4 48. Rf8+ Ke4 49. h3 gxh3 50. Rb4+ Kxe5 51. Rxh4 h2 52. Rxh2 1-0

[Event "Estadual-ch"]
[Site "Vitoria"]
[Date "2005.10.??"]
[Round "2"]
[White "Souza Filho, Namyr Carlos"]
[Black "Rocha, Jorge Wilson"]
[Result "0-1"]
[WhiteElo "2116"]
[BlackElo "2242"]
[PlyCount "117"]
[EventDate "2005.10.22"]
[EventType "swiss"]
[EventRounds "7"]
[EventCountry "BRA"]
[SourceTitle "EXT 2022"]
[Source "ChessBase"]
[SourceDate "2021.10.06"]
[SourceVersion "1"]
[SourceVersionDate "2021.10.06"]
[SourceQuality "1"]

1. Nf3 d5 2. d4 Nf6 3. c4 e6 4. Nc3 c6 5. e3 Nbd7 6. Be2 Bd6 7. 0-0 0-0 8. Qc2 Re8 9. b3 b6 10. Bb2 Bb7 11. Rac1 Rc8 12. Rfd1 Qe7 13. cxd5 exd5 14. Bd3 Ne4 15. Bxe4 dxe4 16. Nd2 f5 17. Nc4 Bb8 18. Ne2 b5 19. Ba3 b4 20. Bb2 Nf6 21. Na5 Bxh2+ 22. Kxh2 Qc7+ 23. Ng3 Qxa5 24. Qc5 Qxa2 25. Rd2 f4 26. exf4 Qxb3 27. Nf5 Qe6 28. Nd6 e3 29. f5 Qb3 30. Rdc2 Ng4+ 31. Kg3 Nxf2 32. Qc4+ Qxc4 33. Rxc4 Ne4+ 34. Nxe4 Rxe4 35. Rxb4 Re7 36. Ra4 a6 37. Ra5 Rd8 38. Bc3 Rf7 39. Kf4 Re7 40. Re5 Rxe5 41. dxe5 e2 42. Re1 Rd3 43. Ba5 Ra3 44. Bd2 c5 45. Rxe2 Ra4+ 46. Kg5 h6+ 47. Kh5 Bc6 48. g4 Bf3 49. Rf2 Bxg4+ 50. Kg6 Bd1 51. Bxh6 gxh6 52. e6 Rd4 53. f6 Bb3 54. f7+ Kf8 55. e7+ Kxe7 56. f8Q+ Ke6 57. Rf6+ Kd5 58. Rf5+ Ke4 59. Qxc5 0-1

[Event "BRA CEAX op 5th"]
[Site "Guarapari"]
[Date "2003.10.24"]
[Round "1"]
[White "Rocha, Jorge Wilson"]
[Black "Gomes, Antonio Jose"]
[Result "1/2-1/2"]
[WhiteElo "2241"]
[BlackElo "1764"]
[PlyCount "46"]
[EventDate "2003.10.24"]
[EventType "swiss"]
[EventRounds "6"]
[EventCountry "BRA"]
[SourceTitle "EXT 2006"]
[Source "ChessBase"]
[SourceDate "2005.11.24"]
[SourceVersion "1"]
[SourceVersionDate "2005.11.24"]
[SourceQuality "1"]

1. e4 e5 2. Nf3 Nf6 3. Nc3 d5 4. exd5 e4 5. Bb5+ c6 6. dxc6 bxc6 7. Qe2 cxb5 8. Nxe4 Nxe4 9. Qxe4+ Qe7 10. Qe3 Qxe3+ 11. fxe3 Nd7 12. 0-0 Be7 13. a4 b4 14. Nd4 Nf6 15. a5 0-0 16. d3 a6 17. Bd2 Bc5 18. Nc6 Bd7 19. Nxb4 Bxb4 20. Bxb4 Rfb8 21. Bc3 Nd5 22. Bd4 Nb4 23. Bc3 Nd5 1/2-1/2

[Event "BRA CEAX op 4th"]
[Site "Cachoeiro de Itapemirim"]
[Date "2003.09.27"]
[Round "2"]
[White "Rocha, Jorge Wilson"]
[Black "Lacerda, Cesar Romeu"]
[Result "1-0"]
[WhiteElo "2241"]
[BlackElo "2039"]
[PlyCount "81"]
[EventDate "2003.09.26"]
[EventType "swiss"]
[EventRounds "6"]
[EventCountry "BRA"]
[SourceTitle "EXT 2006"]
[Source "ChessBase"]
[SourceDate "2005.11.24"]
[SourceVersion "1"]
[SourceVersionDate "2005.11.24"]
[SourceQuality "1"]

1. e4 e5 2. Nf3 Nc6 3. d4 exd4 4. Nxd4 Bc5 5. Be3 Qf6 6. c3 Nge7 7. g3 0-0 8. Bg2 Bb6 9. 0-0 d6 10. Na3 Nxd4 11. cxd4 c6 12. Qd2 h6 13. Nc4 Bc7 14. Rae1 d5 15. e5 Qg6 16. Nd6 Bxd6 17. exd6 Nf5 18. Bf4 Nxd6 19. Qb4 Ne4 20. f3 a5 21. Qb6 Ng5 22. Rf2 Ne6 23. Be5 Qd3 24. Bf1 Qf5 25. f4 Kh8 26. h3 Qh5 27. Kh2 f6 28. Bd6 Rg8 29. f5 Nf8 30. g4 Nd7 31. Qb3 Qh4 32. Bg3 Qg5 33. Qf3 h5 34. gxh5 Qh6 35. Bd3 b6 36. Bf4 Qh7 37. Re7 Ba6 38. Bxa6 Rxa6 39. Rxd7 Qxf5 40. Re7 Raa8 41. Bc7 1-0

[Event "BRA-ch sf"]
[Site "Vitoria"]
[Date "2003.09.05"]
[Round "1"]
[White "Bonfim, Hudson Soares Do"]
[Black "Rocha, Jorge Wilson"]
[Result "0-1"]
[WhiteElo "1839"]
[BlackElo "2241"]
[PlyCount "72"]
[EventDate "2003.09.??"]
[EventType "swiss"]
[EventRounds "7"]
[EventCountry "BRA"]
[SourceTitle "EXT 2006"]
[Source "ChessBase"]
[SourceDate "2005.11.24"]
[SourceVersion "1"]
[SourceVersionDate "2005.11.24"]
[SourceQuality "1"]

1. d4 d5 2. c4 e6 3. Nc3 Nf6 4. Bg5 c6 5. Nf3 Nbd7 6. e3 Bb4 7. Bd3 Qa5 8. Qc2 Ne4 9. Bxe4 dxe4 10. Ne5 Nxe5 11. dxe5 Qxe5 12. Bf4 Bxc3+ 13. bxc3 Qf6 14. Bd6 e5 15. c5 Qg6 16. 0-0-0 f6 17. Qb3 Qf7 18. Qa4 Qe6 19. Qa5 Kf7 20. Qc7+ Kg6 21. h4 h5 22. Rh3 Qd7 23. Rg3+ Kh7 24. Qa5 Qf7 25. Qb4 Bf5 26. f3 b5 27. fxe4 a5 28. Qb2 Bxe4 29. Qf2 Rhe8 30. Rg5 Qc4 31. Rxh5+ Kg6 32. Rg5+ fxg5 33. h5+ Kh7 34. Bxe5 Rxe5 35. Rd7 Qxc3+ 36. Kd1 Rf5 0-1

[Event "BRA CEAX op 3rd"]
[Site "Vitoria"]
[Date "2003.08.17"]
[Round "6"]
[White "Cortes, M."]
[Black "Rocha, Jorge Wilson"]
[Result "0-1"]
[WhiteElo "1800"]
[BlackElo "2241"]
[PlyCount "104"]
[EventDate "2003.08.??"]
[EventType "swiss"]
[EventRounds "6"]
[EventCountry "BRA"]
[SourceTitle "EXT 2006"]
[Source "ChessBase"]
[SourceDate "2005.11.24"]
[SourceVersion "1"]
[SourceVersionDate "2005.11.24"]
[SourceQuality "1"]

1. Nf3 c5 2. g3 Nc6 3. c4 e5 4. d3 d6 5. Bg2 f5 6. Nc3 Nf6 7. a3 Be7 8. 0-0 0-0 9. Rb1 a5 10. Bg5 Be6 11. Bxf6 Bxf6 12. Ne1 Rb8 13. Nc2 Qd7 14. Ne3 g5 15. Ned5 Bg7 16. Qc1 f4 17. b4 Bh3 18. Ne4 Nd4 19. Qd1 Nxe2+ 20. Qxe2 Bxg2 21. Qh5 Bxe4 22. dxe4 cxb4 23. axb4 axb4 24. Rxb4 h6 25. Rfb1 Qf7 26. Qxf7+ Rxf7 27. g4 Rd7 28. Kf1 Kf7 29. Ke2 Bf6 30. Kd3 Bd8 31. R4b2 Ke6 32. Nb4 b5 33. cxb5 Rxb5 34. Nd5 Rxb2 35. Rxb2 Ra7 36. Rb8 Kd7 37. Ke2 Ra4 38. Rb4 Ra3 39. Rc4 Ba5 40. Rc2 f3+ 41. Kd1 Ra1+ 42. Rc1 Ra4 43. Rb1 Ke6 44. Rb7 Rxe4 45. Ne3 Rd4+ 46. Kc2 Rd2+ 47. Kb3 Rxf2 48. Nf5 Rxh2 49. Ng7+ Kd5 50. Rb5+ Ke4 51. Rxa5 f2 52. Nf5 Rg2 0-1